| 000 | 01432cam a22003857i 4500 | ||
|---|---|---|---|
| 001 | data | ||
| 005 | 20260322212114.0 | ||
| 008 | data | ||
| 035 | _a18765458 | ||
| 906 |
_a7 _bcbc _ccopycat _d3 _encip _f20 _gy-gencatlg |
||
| 925 | 0 |
_aacquire _b1 shelf copy _xpolicy default |
|
| 010 | _a 2015375902 | ||
| 020 |
_a9782923553146 _qpbk. |
||
| 035 | _a(OCoLC)801193200 | ||
| 040 |
_aCDX _beng _cCDX _dDLC _dOCLCF _dOCLCQ _dDLC _erda |
||
| 042 | _alccopycat | ||
| 050 | 0 | 0 |
_aPQ3919.3.B3737 _bM46 2012 |
| 082 | 0 | 4 |
_ajC843/.6 _223 |
| 100 | 1 | _aBaril-Guérard, Jean-Philippe. | |
| 245 | 1 | 0 |
_aMénageries : _bhistoires d'animaux / _ctextes de Jean-Philippe Baril Guérard ; illustrations de Benoit Tardif. |
| 264 | 1 |
_aGatineau, QC : _bLes Éditions de ta mère, _c©2012. |
|
| 300 |
_a89 pages : _bcolor illustrations ; _c19 cm |
||
| 336 |
_atext _btxt _2rdacontent |
||
| 337 |
_aunmediated _bn _2rdamedia |
||
| 338 |
_avolume _bnc _2rdacarrier |
||
| 650 | 0 |
_aAnimals _vJuvenile fiction. |
|
| 650 | 7 |
_aAnimals. _2fast _0(OCoLC)fst00809468 |
|
| 655 | 7 |
_aFiction. _2fast _0(OCoLC)fst01423787 |
|
| 655 | 7 |
_aJuvenile works. _2fast _0(OCoLC)fst01411637 |
|
| 655 | 7 |
_aFiction. _2lcgft _0https://id.loc.gov/authorities/genreForms/gf2014026339 |
|
| 700 | 1 | _aTardif, Benoit. | |
| 923 |
_aPurchase _d2015-08-31 _nI-10295267 _sCoutts |
||
| 999 |
_c1720 _d1720 |
||